| 000 | 00885 a2200217 4500 | ||
|---|---|---|---|
| 020 | _a084931349X | ||
| 040 |
_aDLC _bDLC |
||
| 082 | _a621.3692 | ||
| 100 | 1 | _aPetersen, Julie K. | |
| 245 | 1 | 0 |
_aFiber optics: illustrated dictionary _billustrated dictionary _cJulie K. Petersen. |
| 246 | 3 | _aFiber optics: illustrated dictionary [electronic resource] | |
| 260 |
_aBoca Raton, Fla. : _bCRC Press, _cc2003. |
||
| 300 |
_a1067 p. : _bill. ; _c26 cm. |
||
| 490 | 1 | _aAdvanced and emerging communications technologies series. | |
| 538 | _aSystem requirements: Internet connectivity; World Wide Web browser. | ||
| 650 | 0 | _aFiber optics | |
| 650 | 0 | _aOptical communications | |
| 830 | 0 | _aCRC Press advanced and emerging communications technologies series. | |
| 856 | 4 | 0 | _uhttp://libproxy1.nus.edu.sg/login?url=http://www.engnetbase.com/books/5920/1349_c000.pdf |
| 942 |
_cBK _k621.3692 PET _2ddc |
||
| 999 |
_c4567 _d4567 |
||